000 00385pam a2200157a 44500
008 230515b1998 xxu||||| |||| 00| 0 eng d
020 _aNULL
041 _aENG
082 _a618
100 _aPADUBIDRI V.G.
245 _aSHAW`S TEXTBOOK OF GYNAECOLOGY
250 _a11TH
260 _aNULL
_bB.I.CHURCHILL LIVINGSTONE
_c1998
300 _a569
650 _aGYNAECOLOGY & OBSTETRICS
999 _c546745
_d546745